[Event "Niederbayernliga 1112"]
[Site "Bayern"]
[Date "2012.??.??"]
[Round "9"]
[White "Schneider, Roland"]
[Black "Christlmaier, Evelin"]
[Result "0-1"]
[WhiteElo "2009"]
[BlackElo "1931"]
[PlyCount "86"]
[EventDate "2011.10.??"]
[EventType "team-tourn"]
[EventRounds "9"]
[EventCountry "GER"]
[SourceTitle "EXT 2023"]
[Source "ChessBase"]
[SourceDate "2022.10.05"]
[SourceVersion "1"]
[SourceVersionDate "2022.10.05"]
[SourceQuality "1"]
[WhiteTeam "Passau II"]
[BlackTeam "Landau Dingolfing"]
[WhiteTeamCountry "GER"]
[BlackTeamCountry "GER"]

1. e4 e5 2. Nf3 Nc6 3. Bc4 Bc5 4. b4 Bxb4 5. c3 Ba5 6. d4 exd4 7. 0-0 Nf6 8. Ba3 d6 9. e5 Ne4 10. Re1 d5 11. Rxe4 dxc4 12. Nxd4 Qd5 13. Qe2 Be6 14. Nxe6 Qxe6 15. Nd2 Bxc3 16. Rb1 0-0-0 17. Nxc4 Rd4 18. Rxd4 Bxd4 19. Bb2 Rd8 20. Re1 Bxb2 21. Nxb2 Qxa2 22. f4 g6 23. Qc2 Nd4 24. Qc3 Qb3 25. Qc1 Qc2 26. Qa1 Ne2+ 27. Kh1 Nxf4 28. Rg1 Rd2 29. Qxa7 Rxg2 30. Qa8+ Kd7 31. Rd1+ Rd2 32. Qa4+ Ke6 33. Qe8+ Kf5 34. Qxf7+ Ke4 35. Rxd2 Qxd2 36. Qc4+ Kf5 37. Qf7+ Kg4 38. h3+ Kxh3 39. Qb3+ Kg4 40. Qxb7 Qe1+ 41. Kh2 Qg3+ 42. Kh1 Qf3+ 43. Qxf3+ Kxf3 0-1

[Event "Niederbayernliga 1112"]
[Site "Bayern"]
[Date "2011.??.??"]
[Round "4"]
[White "Huwa, Walter"]
[Black "Christlmaier, Evelin"]
[Result "1/2-1/2"]
[WhiteElo "2082"]
[BlackElo "1931"]
[PlyCount "49"]
[EventDate "2011.10.??"]
[EventType "team-tourn"]
[EventRounds "9"]
[EventCountry "GER"]
[SourceTitle "EXT 2023"]
[Source "ChessBase"]
[SourceDate "2022.10.05"]
[SourceVersion "1"]
[SourceVersionDate "2022.10.05"]
[SourceQuality "1"]
[WhiteTeam "Straubing SC"]
[BlackTeam "Landau Dingolfing"]
[WhiteTeamCountry "GER"]
[BlackTeamCountry "GER"]

1. e4 e5 2. Nf3 Nc6 3. Bb5 a6 4. Ba4 Nf6 5. Qe2 Be7 6. c3 d6 7. d3 Bd7 8. Nbd2 0-0 9. Bb3 Na5 10. Bc2 c5 11. Nf1 b5 12. Ng3 Qc8 13. 0-0 Nc6 14. Bg5 Rb8 15. h3 h6 16. Be3 Re8 17. d4 Bf8 18. dxe5 dxe5 19. Nf5 Bxf5 20. exf5 e4 21. Nh4 Nd5 22. g4 Qd8 23. Ng2 Qe7 24. Nf4 Nxe3 25. fxe3 1/2-1/2